Multilingual education for social justice : (Record no. 32812)

MARC details
000 -LEADER
fixed length control field 00751nam a22002055a 4500
005 - DATE AND TIME OF LATEST TRANSACTION
control field 20090826232610.0
008 - FIXED-LENGTH DATA ELEMENTS--GENERAL INFORMATION
fixed length control field 090826s2009 ii 000 0 eng
010 ## - LCCN (DPL NO)
LC control number ENG-95633
035 ## - SYSTEM CONTROL NUMBER
System control number EN-79166
037 ## - SOURCE OF ACQUISITION
Source of stock number/acquisition DBAD/PUB
040 ## - CATALOGING SOURCE
Original cataloging agency DPL
245 ## - TITLE STATEMENT
Title Multilingual education for social justice :
Remainder of title globalising the local /
Statement of responsibility, etc edited by Ajit K. Mohanty...[et al.]
260 ## - PUBLICATION, DISTRIBUTION, ETC. (IMPRINT)
Place of publication, distribution, etc New Delhi :
Name of publisher, distributor, etc Orient Blackswan,
Date of publication, distribution, etc 2009.
300 ## - PHYSICAL DESCRIPTION
Extent 400 p.
Dimensions 23cm (Pbk)
500 ## - GENERAL NOTE
General note Includes bibliographical references and index.
700 ## - ADDED ENTRY--PERSONAL NAME
Personal name Mohanty, Ajit K.
942 ## - ADDED ENTRY ELEMENTS (KOHA)
Source of classification or shelving scheme Dewey Decimal Classification
Item type English Books
Call number suffix MUL
Holdings
Withdrawn status Lost status Source of classification or shelving scheme Damaged status Not for loan Collection code Home library Current library Date acquired Source of acquisition Cost, normal purchase price Total Checkouts Full call number Barcode Date last seen Copy number Cost, replacement price Koha item type
    Dewey Decimal Classification   Not For Loan Non-fiction D.B.Act.Division D.B.Act.Division 12/12/2009 DBAD / PUB 675.00   MUL EN-79166 15/12/2009 1 675.00 English Books

© Delhi Public Library
Hit Counter
free hit counter